| 000 | 00502cam a2200205ua 4500 | ||
|---|---|---|---|
| 020 | _c8.00 | ||
| 041 |
_ahin _h |
||
| 082 |
_a891.54 _bSHR/PR |
||
| 100 | _aSri Krishnan, . | ||
| 245 |
_aPratinithi ithihasik kahaniyam / _cShri Krishnan. _hTextual Documents |
||
| 250 |
_a1 / _b. |
||
| 260 |
_a : _bAtmaram and sons , _c1961. |
||
| 300 | _a324 ; . | ||
| 365 | _a8.00 | ||
| 504 | _a | ||
| 700 | 1 | _aArun, . | |
| 700 | 1 | _aManmohan, Saral . | |
| 942 | _cBK | ||
| 999 |
_c12146 _d12146 |
||